Top 100 Biggest Cities in Countries that Start with O, Q and R - Statistics

General Stats
  • This quiz has been taken 194 times
  • The average score is 39 of 100
Answers on the Map
Answers color-coded by a green-red scale on the quiz's map according to % correct below.
 
Answer Stats
Country City Population % Correct
Romania Bucharest 1,883,425
96%
Russia Moscow 12,480,481
96%
Russia Saint Petersburg 5,398,064
95%
Qatar Doha 587,055
94%
Qatar Doha Industrial Area 364,710
94%
Rep. of the Congo Brazzaville 1,373,382
91%
Russia Kaliningrad 489,359
87%
Russia Vladivostok 606,561
85%
Rwanda Kigali 859,332
84%
Russia Rostov-on-Don 1,137,904
79%
Russia Volgograd 1,008,998
79%
Russia Nizhny Novgorod 1,252,236
78%
Russia Novosibirsk 1,625,631
78%
Russia Kazan 1,257,391
77%
Russia Yekaterinburg 1,493,749
77%
Russia Sochi 443,562
75%
Russia Samara 1,156,659
74%
Russia Omsk 1,154,507
73%
Russia Ufa 1,128,787
72%
Romania Cluj-Napoca 324,576
71%
Russia Murmansk 287,847
71%
Russia Perm 1,055,397
71%
Russia Krasnodar 932,629
63%
Russia Irkutsk 623,562
62%
Russia Chelyabinsk 1,196,680
59%
Romania Constanta 283,872
54%
Russia Voronezh 1,058,261
54%
Russia Arkhangelsk 346,979
51%
Russia Yakutsk 322,987
50%
Russia Krasnoyarsk 1,093,771
49%
Romania Timisoara 319,279
49%
Romania Iasi 290,422
48%
Russia Saratov 838,042
47%
Russia Grozny 305,911
46%
Rep. of the Congo Pointe-Noire 715,334
46%
Russia Kursk 452,976
44%
Russia Astrakhan 529,793
43%
Russia Tula 475,161
41%
Russia Orenburg 572,188
40%
Russia Vladimir 356,937
40%
Russia Smolensk 325,495
39%
Russia Tomsk 576,624
39%
Russia Yaroslavl 608,353
38%
Russia Bryansk 402,675
35%
Romania Brasov 253,200
33%
Russia Tolyatti 699,429
33%
Russia Tyumen 807,271
33%
Russia Belgorod 394,142
32%
Russia Khabarovsk 616,372
32%
Russia Ryazan 539,290
32%
Russia Tver 425,072
31%
Russia Ulyanovsk 627,705
31%
Russia Makhachkala 603,518
30%
Russia Stavropol 450,680
30%
Russia Ivanovo 404,598
29%
Russia Kirov 518,348
29%
Russia Ulan-Ude 439,128
29%
Romania Craiova 269,506
28%
Russia Izhevsk 648,146
28%
Romania Galati 249,432
26%
Russia Lipetsk 508,573
26%
Russia Penza 520,300
26%
Russia Barnaul 632,391
24%
Russia Magnitogorsk 413,253
24%
Russia Oryol 308,838
23%
Oman Seeb 284,877
22%
Russia Kaluga 332,039
21%
Russia Kemerovo 556,382
21%
Russia Vladikavkaz 303,597
21%
Russia Chita 351,784
20%
Russia Novorossiysk 274,956
19%
Russia Saransk 320,612
19%
Russia Tambov 292,140
19%
Russia Vologda 310,302
19%
Russia Kurgan 312,364
18%
Russia Naberezhnye Chelny 533,839
17%
Russia Cheboksary 497,618
16%
Russia Engels 227,049
16%
Russia Nizhny Tagil 349,008
16%
Russia Petrozavodsk 281,023
16%
Russia Surgut 380,632
16%
Russia Kostroma 276,929
15%
Russia Nalchik 239,583
15%
Qatar Ar-Rayyan 589,531
14%
Russia Podolsk 308,130
14%
Russia Cherepovets 314,834
13%
Russia Dzerzhinsk 229,000
13%
Russia Taganrog 248,643
13%
Russia Khimki 259,550
12%
Russia Novokuznetsk 549,403
12%
Russia Komsomolsk-on-Amur 244,768
11%
Russia Shakhty 230,262
11%
Russia Balashikha 507,366
9%
Russia Sterlitamak 276,394
9%
Russia Syktyvkar 244,403
9%
Russia Volzhsky 323,906
9%
Russia Yoshkar-Ola 274,715
9%
Russia Mytishchi 235,504
8%
Russia Nizhnekamsk 240,020
8%
Russia Nizhnevartovsk 277,668
7%
No matching quizzes found
Score Distribution
Percent of People with Each Score
Percentile by Number Answered
Your Score History
You have not taken this quiz